| 000 -LEADER | |
|---|---|
| fixed length control field | 00462nam a22001577a 4500 |
| 005 - DATE AND TIME OF LATEST TRANSACTION | |
| control field | 20230119121507.0 |
| 008 - FIXED-LENGTH DATA ELEMENTS--GENERAL INFORMATION | |
| fixed length control field | 190917b xxu||||| |||| 00| 0 eng d |
| 020 ## - INTERNATIONAL STANDARD BOOK NUMBER | |
| ISBN | 978-93-86478-64-1 |
| 041 ## - LANGUAGE CODE | |
| Language code of text/sound track or separate title | eng |
| 100 ## - MAIN ENTRY--AUTHOR NAME | |
| Personal name | RAJE,V.N & OTHERS |
| 245 ## - TITLE STATEMENT | |
| Title | PHARMACEUTICAL CHEMISTRY -I : FOR FIRST YEAR DIPLOMA IN PHARMACY |
| 260 ## - PUBLICATION, DISTRIBUTION, ETC. (IMPRINT) | |
| Place of publication | NEW DELHI |
| Name of publisher | C BS PUBLISHERS AND DISTRIBUTORS PVT.LTD |
| 300 ## - PHYSICAL DESCRIPTION | |
| Number of Pages | 162p, |
| 650 ## - SUBJECT ADDED ENTRY--TOPICAL TERM | |
| Topical Term | PHARMACY |
| General subdivision | B.PHARMA |
| 942 ## - ADDED ENTRY ELEMENTS (KOHA) | |
| Koha item type | Books |
| Lost status | Damaged status | Collection code | Home library | Current library | Shelving location | Date acquired | Source of acquisition | Cost, normal purchase price | Full call number | Accession Number | Koha item type |
|---|---|---|---|---|---|---|---|---|---|---|---|
| PHARMACY | JRU Library | JRU Library | SHELF-18-D | 17/09/2019 | PURCHESS | 220.00 | 615.19 | 23555 | Books | ||
| Reference | JRU Library | JRU Library | SHELF-4-B | 17/09/2019 | PURCHESS | 220.00 | 23556 | Books | |||
| PHARMACY | JRU Library | JRU Library | SHELF-18-D | 17/09/2019 | PURCHESS | 220.00 | 615.19 | 23557 | Books | ||
| PHARMACY | JRU Library | JRU Library | SHELF-18-D | 17/09/2019 | PURCHESS | 220.00 | 615.19 | 23558 | Books |